000 00675nam a2200265Ia 4500
005 20260121165756.0
008 008 260114s9999 xx 000 0 eng d
020 _a9789811016875
037 _aEBOOK
040 _aCRL
040 _beng
040 _cCRL
041 _2eng
041 _aeng
084 _qCRL
100 _aQuan Zhang
_91055874
245 0 _aPacific Rim Objective Measurement Symposium (PROMS) 2015 Conference Proceedings
260 _bSpringer
260 _bSpringer
260 _c2016
856 _uhttps://link.springer.com/openurl?genre=book&isbn=978-981-10-1687-5
942 _cEBOOK
999 _c1621602
_d1621602